000 00548nam a2200157 a 4500
001 000029115
005 20200930055336.0
008 110413s19uu dr a 000 0 spa d
040 _aDO-SdBNP
_bspa
_cBNPHU
082 _axxx
_bR426c
110 1 _aRepública Dominicana
_bSecretaría de Estado de Deportes, Educación Física y Recreación
_936997
245 0 0 _aControl de drogas.
260 _a[Santo Domingo] :
_bSecretaría de Estado de Deportes, Educación Física y Recreación,
_c[19--?].
300 _a15 p. ; :
_bil. ;
_c20 cm.
049 _aBNPD
999 _c28607
_d28607